| 000 | 02138nam0a2200433 4500 | ||
|---|---|---|---|
| 001 | RU\NLR\bibl\535149 | ||
| 005 | 20260607045140.0 | ||
| 010 |
_a5-7218-0525-0 _bв обл. |
||
| 021 |
_aRU _b2004-8290 _9419 |
||
| 035 | _aRSL-KNO-002407821 | ||
| 035 | _a(NLR Aleph) 000527429 | ||
| 090 |
_a1331569 _c1331569 |
||
| 100 | _a20040316d2003 |||y0rusy50 ca | ||
| 101 | 0 | _arus | |
| 102 | _aRU | ||
| 105 | _aa ||||||||| | ||
| 106 | _ar | ||
| 200 | 1 |
_aЭкономическая теория в современной России _eГлоб. тенденции и нац. традиции _f[А.А. Пороховский, В.В. Радаев, С.С. Дзарасов и др.] _gПод ред. А.А. Пороховского _gМоск. гос. ун-т им. М.В. Ломоносова. Экон. фак. Каф. полит. экономии |
|
| 210 |
_aМ. _cТЕИС _d2003 _e1-я Обр. тип. |
||
| 215 |
_a261 с. _cил., табл. _d20 |
||
| 300 | _aАвт. указаны на 5-й с. | ||
| 320 | _aБиблиогр. в подстроч. примеч. | ||
| 606 | 0 |
_aЭкономика _xТеория _91565397 _3RU\NLR\auth\66985247 |
|
| 607 |
_aРоссийская Федерация _xЭкономическая политика _91548553 _3RU\NLR\auth\66976953 |
||
| 610 | 0 | _aШкола Цаголова | |
| 686 |
_aУ02(2)7,0 _2rubbk |
||
| 686 |
_aУ9(2)в,0 _2rubbk |
||
| 686 | _aУ010 | ||
| 686 | _aУ9(2)-18(2Р) | ||
| 701 | 1 |
_aПороховский _bА. А. _gАнатолий Александрович _4070 |
|
| 701 | 1 |
_4070 _7ca _8rus _aРадаев _bВ. В. _f1961- _gВадим Валерьевич _915604 _3RU\NLR\auth\7732596 |
|
| 701 | 1 |
_4070 _7ca _8rus _aДзарасов _bС. С. _f1927- _gСолтан Сафарбиевич _97794 _3RU\NLR\auth\7724744 |
|
| 712 | 0 | 2 |
_4570 _aМГУ им. М. В. Ломоносова _bКафедра политической экономии _9366546 _3RU\NLR\AUTH\889935841 |
| 801 | 0 |
_aRU _bRuMoRKP _c20040316 _gPSBO |
|
| 801 | 1 |
_aRU _bRuMoRKP _c20040316 |
|
| 801 | 2 |
_aRU _bNLR _c20040701 _gPSBO |
|
| 942 | _cBOOK | ||
| 980 | _aNB | ||